Регионална библиотека "Любен Каравелов" - Русе

Кажете небеса (Запис номер 342024)

MARC детайли
000 -Лидер
Контролно поле с фиксирана дължина 01589nam a2200325 c 4500
003 - Код на организацията, давaща контролен номер
Контролно поле BLK
005 - Дата и час на последна редакция
Контролно поле 20200421135449.0
008 - Елементи от данни с фиксирана дължина
fixed length control field 180911b bul|||||r ||||||| ||bul||
010 ## - Наследен системен номер
LC control number 001657
040 ## - Източник на каталожния запис
Идентификатор на билиотеката - собственик на записа BLK
041 ## - Код за език
Код за езика на текст/звукозапис или на отделно заглавие Български
Код за езика КДБФ Български
080 ## - УДК
УДК - код + определител 886.7-1
100 1# - Редна дума - Автор
Автор МИРЧЕВ, Иван
Авторска отговорност първи автор
R(LIN) 396665
245 00 - Сведения за заглавието
Заглавие Кажете небеса
246 ## - Различни форми на заглавието
Наименование на поредна част от произведението лирика-стихотворения
260 ## - Област на издателските данни
Място на издаване, разпространение и проч. София
Име на издателя, разпространителя и проч. Изд. авт.
Година на издаване 1942
Печатница Стара Загора : печ. Светлина
300 ## - Физическа характеристика
Страници 80 с
Размери/Мащаб 21 см
380 ## - Жанр
Жанр Литературознание
490 ## - СЕРИИ (Колекции)
Име на серия Частна колекция - Академик Михаил Арнаудов
Бележки за серията Дарение - Основен фонд
500 ## - Общи забележки
Забележка Михаил Арнаудов: негови-книга, негови-лист-ръкопис. - Подчертавания в текста инв. № 321295. Бележка : За песимизма, преобладаващ у някои нови лирици и отбелязва място в книгата : с. 14.
500 ## - Общи забележки
Забележка Автограф с текст: На проф. М. Арнаудов, в памет на първата ни среща в Стара Загора - 26 октомв. 1954 Ив. Мирчев (инв. № 321295).
500 ## - Общи забележки
Забележка Автограф с текст: На проф. Михаил Арнаудов (инв. № 590696).
650 ## - Допълнително описание по предмет – тема
Основно описание – тема или топоним Поезия
9 (RLIN) 166642
653 ## - Ключова дума – ненормативна
Ключова дума лирика
653 ## - Ключова дума – ненормативна
Ключова дума стихотворения
655 ## - Ключова дума – жанр/разновидност
Данни за жанр/разновидност или ключова дума за фокус българска литература
700 1# - Други автори (авторска отговорност)
Лично име Иван Мирчев
9 (RLIN) 396666
852 ## - Местоположение
Форматна сигнатура МА 151
Фондова буква Фонд "Михаил Арнаудов"
999 ## - СИСТЕМНИ КОНТРОЛНИ НОМЕРА
Koha biblionumber 342024
Koha biblioitemnumber 342024
942 ## - АРТИКУЛИ
Вид на библиотечния материал Книги
Скрит в OPAC Не
Периодичен библиозапис Да
944 ## - СЪЗДАВАНЕ И РЕДАКЦИЯ на ЗАПИСА
Създаване/Редакция Създаване
Дата на регистрацията/редакция 1994
Служител, извършил регистрацията/редакцията Елена
999 ## - СИСТЕМНИ КОНТРОЛНИ НОМЕРА
Koha biblioitemnumber 342024
999 ## - СИСТЕМНИ КОНТРОЛНИ НОМЕРА
Koha biblioitemnumber 342024
Наличности
Код за отписване Код за изгубен артикул Източник на класификационната схема Код за повреда Коз за рестрикции Код за отдаване Артикулен № Име на библиотеката - собственик Име на библиотеката, в която се намира в момента Статус (Текущо местоположение) Местоположение - отдел Цена в лева Номерация (Хронология) Инвентарен номер Систематично азбучна сигнатура Баркод Номер на екземпляра Цена в евро Служебен тип на артикула Дата на вписване в системата
  Не е изгубен Universal Decimal Classification Не е повреден само за читалня Специални фондове ( старопечатни, редки и ценни, фонд М. Арнаудов) 742057 Регионална библиотека "Любен Каравелов" Русе Регионална библиотека "Любен Каравелов" Русе Фонд "Михаил Арнаудов" Фонд "Михаил Арнаудов" 0.30 Автограф: Иван Мирчев 321295 МА 151 120000321295 1 0.15 Книги  
  Не е изгубен Universal Decimal Classification Не е повреден само за читалня Специални фондове ( старопечатни, редки и ценни, фонд М. Арнаудов) 742058 Регионална библиотека "Любен Каравелов" Русе Регионална библиотека "Любен Каравелов" Русе Фонд "Михаил Арнаудов" Фонд "Михаил Арнаудов" 40.00 Автограф: Иван Мирчев 590696 МА 151 120000590696 2 20.45 Книги  
  Не е изгубен Universal Decimal Classification Не е повреден само за читалня ползва се в читалня 848084 Регионална библиотека "Любен Каравелов" Русе Регионална библиотека "Любен Каравелов" Русе Хранилище Основен фонд - ползва се само за читалня 0.06   6695 Цб 8.210.6695 900000073588   0.03 Книги 2021-08-11
Vip Innovations Ltd, Rousse, Bulgaria 2025